Quizzes
Events
Quiz Creation
Community
Videos
Private Events
Remove Ads
Sign In
Join for FREE
Feedback
Dark Mode
Quiz Categories
Sports
Geography
Music
Movies
Television
Just For Fun
Miscellaneous
History
Literature
Language
Science
Gaming
Entertainment
Religion
Holiday
For Kids
Quiz Lab
Recent
Popular Today
Quiz Kudos Today
Editor Picks
Curator Picks
Quizzes by...
Day
Popularity
Type
Ratings
Length
Year
Community
Subscriptions
Recent Discussions
Orange Saloon
Badges
Playlists
Quests
Create
Leaderboards
Showdown
Live 5
Trivia Bingo
Activity
Puzzle Library
Sporcle Events
Private Events
Virtual Trivia
Globe League
Become a Host
Pub Owners
SporcleCon
Opinionation
Our Games
Videos
Blog
Mobile Apps
Partnerships
Remove Ads and Go Orange
Feedback
Language
Vocabulary
Begins and Ends
Definition
Spanish
French
German
Italian
Chinese
Latin
Translation
Japanese
Language
Vocabulary
Begins and Ends
Definition
Spanish
French
German
Italian
Chinese
Latin
Translation
Japanese
Random Quiz
Search Sporcle
×
Quiz Lab
Quiz Lab
Language
French
Type in answers that appear in a list
Type in answers that appear in a list
Classic
Best Score? Go Orange.
French 1 Spring Verbs (Part 1) Practice Stats
Can you name the French verb forms (with accents)?
By
psh3
12m
36 Questions
121 Plays
121 Plays
121 Plays
Comments
Comments
Give Quiz Kudos
Give Quiz Kudos
-
- Ratings
hide this ad
Forced Order
Answers have to be entered in order
Answers have to be entered in order
Random Order
Randomize order of answers
Randomize order of answers
Replay
Link that replays current quiz
Next Quiz
Link to next quiz in quiz playlist
You Got
0%
They Got
Avg Score
66%
Avg Friend Score
Upgrade to see
Score Distribution
Jump to the score distribution portion of the page
Score
0/36
Timer
12:00
0
Plays Today
Infinitive
Verb Form
% Correct
parler (tu)
parles
83.5%
appeler (vous)
appelez
77.7%
parler (elle)
parle
76.9%
attendre (ils)
attendent
76%
sortir (il)
sort
76%
acheter (vous)
achetez
75.2%
attendre (tu)
attends
75.2%
appeler (il)
appelle
75.2%
sortir (elles)
sortent
74.4%
finir (je)
finis
73.6%
partir (vous)
partez
73.6%
mener (vous)
menez
73.6%
venir (nous)
venons
72.7%
tendre (elle)
tend
72.7%
ennuyer (vous)
ennuyez
72.7%
lever (nous)
levons
71.9%
revenir (vous)
revenez
71.1%
tendre (vous)
tendez
68.6%
Infinitive
Verb Form
% Correct
appeler (ils)
appellent
67.8%
partir (je)
pars
67.8%
finir (il)
finit
66.9%
revenir (tu)
reviens
66.1%
ennuyer (ils)
ennuient
63.6%
finir (vous)
finissez
63.6%
répondre (nous)
répondons
61.2%
préférer (nous)
préférons
60.3%
espérer (vous)
espérez
58.7%
venir (ils)
viennent
57.9%
répondre (je)
réponds
55.4%
préférer (il)
préfère
52.9%
découvrir (vous)
découvrez
52.1%
découvrir (je)
découvre
52.1%
mener (tu)
mènes
52.1%
lever (tu)
lèves
49.6%
acheter (il)
achète
49.6%
espérer (tu)
espères
46.3%
Quiz Playlist
Details
Report
Send in Message
Add To Playlist
Classic:
Type in answers that appear in a list
Forced Order:
Answers have to be entered in order
Random Order:
Randomize order of answers
Last Updated: Feb 16, 2017
Quiz Scoreboard
CHALLENGE
Sign Up to Join the Scoreboard
Show All
Scores
Hide
Comments
May contain spoilers
Recently Published
Billboard Blitz: Fleetwood Mac
by CooCooCachoo
Music
15s
Presidents Visiting Landmarks
by Hejman
History
7m
An Introduction to Baseball
by treessimontrees
Sports
5m
More to Explore
Quiz From the Vault
Featured Blog Post
Where Did the Easter Bunny Come From?
hide this ad
You Might Also Like...
Tags
French Quiz
Accent
form
Infinitive
practice
Spring
Verb
Today's Top Quizzes in Language
Browse Language
hide this ad
Today's Top Quizzes in French
Browse French
Top Contributed Quizzes in Language
1
1-10 Letter F Words III
2
1-10 Letter G Words III
3
Order Up: Top 10 Most Native Spoken Languages
4
1-10 Letter H Words III
5
Alphabetize! : 'As' words
6
One Thing in Common: Italy
7
1-10 Letter I Words III
8
Weisst du, aus welchen Sprachen diese Wörter stammen?
9
1-10 Letter J Words III
10
Celtic Nations in their Language
Explore More
Trending Topics
Harry Potter
Marvel
Kpop
Disney
Anime
Crossword
NBA
Country
Song
The Office
Soccer
Pokémon
NFL
Puzzle
WWE
hide this ad
More By:
psh3
Quiz
Plays
Rating
Category
Featured
Created
French Subjunctive Verb Forms
8,925
3.89
Language
Feb 23, 2011
Latin 4th and 5th declension noun forms
1,958
4.00
Language
Mar 27, 2011
French 1 Passé Composé Forms
1,046
Language
Apr 30, 2011
Les Jeux sont faits Vocabulary pp. 1-4
683
Language
Feb 19, 2011
Les Jeux sont faits Vocabulary pp. 5-10
670
5.00
Language
Feb 19, 2011
Go to Creator's Profile
Score Distribution
Quiz Creator Spotlight
psh3
Follow
Send a Message
Quizzes Created
-
Created Quiz Play Count
-
More By This Creator
Popular Quizzes Today
1
Find the US States - No Outlines Minefield
2
Find the Countries of Europe - No Outlines Minefield
3
The Countries of the World
4
Find the US States
5
US States
6
Popular People in 1961
7
Risky Map Clicking: Biggest States A-Z
8
Movies - When Are They Set?
More Language Quizzes
New Words
Editor's Pick
Trending Quizzes
Risky Map Clicking: Least Populous States A-Z
1-10 Letter G Words
1-10 Letter F Words
Risky Map Clicking: Next State Alphabetically
Risky Map Clicking: Biggest States A-Z
Recently Updated
Leaping Animals
pecheneg
Reality TV Shows (A-Z)
bhenderson79
Rickey Henderson's Hall of Fame Teammates
pecheneg
Champions League XIs: Arsenal
pecheneg
Quick Pick: Celebrities in WWE's Hall of Fame
aduchscher
A-Z Keypad Blitz II
pecheneg
Multiple Oscar Actors
pecheneg
Mystery Phrase Blitz: Oscar 'Best Actors'
pecheneg
F. Scott Fitzgerald Novels
LTH
Pick 3 Villains
ddd62291
Trending Topics
Marvel
Anime
Crossword
Kpop
Disney
NBA
Harry Potter
Country
Puzzle
Pokémon
The Office
Song
WWE
Soccer
NFL
Your Account Isn't Verified!
In order to create a playlist on Sporcle, you need to verify the email address you used during registration. Go to your
Sporcle Settings
to finish the process.
Report this User
Report this user for behavior that violates our
Community Guidelines
.
Details:
Send Report
Go to the Sporcle.com Mobile Site →
Comments